000 00476nam a2200181Ia 4500
005 20251020182617.0
008 200515s9999 xx 000 0 und d
082 _aSC/696.1/V44T
110 _aInce
245 0 _aPlomerĂ­a: TecnologĂ­a
260 _aCaracas
260 _c1975
300 _as.n.
520 _aHerramientas necesarias para llevar a cabo operaciones de instalaciones sanitarias
650 _aINSTALACIONES SANITARIAS
650 _aPUB INCE
942 _cLIB
999 _c3547
_d3547